<?xml version="1.0" encoding="UTF-8"?>
<record
    xmlns:xsi="http://www.w3.org/2001/XMLSchema-instance"
    xsi:schemaLocation="http://www.loc.gov/MARC21/slim http://www.loc.gov/standards/marcxml/schema/MARC21slim.xsd"
    xmlns="http://www.loc.gov/MARC21/slim">

  <leader>01798cam a22003495a 4500</leader>
  <datafield tag="999" ind1=" " ind2=" ">
    <subfield code="c">357858</subfield>
    <subfield code="d">357858</subfield>
  </datafield>
  <controlfield tag="001">14961785</controlfield>
  <controlfield tag="003">IT-MiSPE</controlfield>
  <controlfield tag="005">20180511090951.0</controlfield>
  <controlfield tag="008">070806s2007    it ac    b    001 0dita  </controlfield>
  <datafield tag="010" ind1=" " ind2=" ">
    <subfield code="a">  2007474223</subfield>
  </datafield>
  <datafield tag="020" ind1=" " ind2=" ">
    <subfield code="a">9788845258046</subfield>
  </datafield>
  <datafield tag="020" ind1=" " ind2=" ">
    <subfield code="a">8845258041</subfield>
    <subfield code="c">36.00 EUR</subfield>
  </datafield>
  <datafield tag="040" ind1=" " ind2=" ">
    <subfield code="a">IT-MiSPE</subfield>
    <subfield code="c">DLC</subfield>
    <subfield code="d">DLC</subfield>
  </datafield>
  <datafield tag="041" ind1="1" ind2=" ">
    <subfield code="a">ita</subfield>
    <subfield code="a">grc</subfield>
    <subfield code="a">lat</subfield>
    <subfield code="a">rus</subfield>
    <subfield code="h">grc</subfield>
    <subfield code="h">lat</subfield>
    <subfield code="h">rus</subfield>
  </datafield>
  <datafield tag="082" ind1=" " ind2=" ">
    <subfield code="a">146.5-DEM ra (23143)</subfield>
  </datafield>
  <datafield tag="100" ind1="0" ind2=" ">
    <subfield code="a">Democritus,</subfield>
    <subfield code="d">ca. 460 a. C.- ca. 370 a. C.</subfield>
    <subfield code="9">57108</subfield>
  </datafield>
  <datafield tag="245" ind1="1" ind2="0">
    <subfield code="a">Democrito :</subfield>
    <subfield code="b">raccolta dei frammenti /</subfield>
    <subfield code="c">interpretazione e commentario di Salomon Luria ; introduzione di Giovanni Reale ; bio-bibliografia di S. Luria di Svetlana Maltseva ; traduzione dal russo di Anastasia Krivushina ; traduzione e revisione dei testi greci di Diego Fusaro ; realizzazione editoriale, bibliografia, indici e revisione generale di Giuseppe Girgenti.</subfield>
  </datafield>
  <datafield tag="250" ind1=" " ind2=" ">
    <subfield code="a">1. ed. Bompiani</subfield>
  </datafield>
  <datafield tag="260" ind1=" " ind2=" ">
    <subfield code="a">Milano :</subfield>
    <subfield code="b">Bompiani,</subfield>
    <subfield code="c">c2007.</subfield>
  </datafield>
  <datafield tag="300" ind1=" " ind2=" ">
    <subfield code="a">LIV, 1738 p. ;</subfield>
    <subfield code="c">21 cm</subfield>
  </datafield>
  <datafield tag="490" ind1="0" ind2=" ">
    <subfield code="a">Il pensiero occidentale</subfield>
  </datafield>
  <datafield tag="500" ind1=" " ind2=" ">
    <subfield code="a">Versione basta sui frammenti di Salomo Luria (Leningrado, 1970).</subfield>
  </datafield>
  <datafield tag="504" ind1=" " ind2=" ">
    <subfield code="a">Include referenze bibliografiche (p. [1561]-1626) e indici.</subfield>
  </datafield>
  <datafield tag="504" ind1=" " ind2=" ">
    <subfield code="a">Lavoro di Salomo Luria: p. [l]-LIV.</subfield>
  </datafield>
  <datafield tag="546" ind1=" " ind2=" ">
    <subfield code="a">Testo latino e greco con versione a fronte italiana; il testo originale del commento russo si trova alla fine della traduzione italiana. Contenuto critico in italiano.</subfield>
  </datafield>
  <datafield tag="600" ind1="0" ind2="0">
    <subfield code="a">Democritus,</subfield>
    <subfield code="d">ca. 460 a.C.- ca. 370 a.C.</subfield>
    <subfield code="v">Traduzione in italiano</subfield>
    <subfield code="9">57109</subfield>
  </datafield>
  <datafield tag="600" ind1="0" ind2="0">
    <subfield code="a">Democritus,</subfield>
    <subfield code="d">ca. 460 a.C.- ca. 370 a.C.</subfield>
    <subfield code="9">57110</subfield>
  </datafield>
  <datafield tag="600" ind1="1" ind2="0">
    <subfield code="a">Luria, Salomon</subfield>
    <subfield code="q">(Solomon Luria Yakovlevich),</subfield>
    <subfield code="d">1891-1964.</subfield>
    <subfield code="9">57111</subfield>
  </datafield>
  <datafield tag="700" ind1="1" ind2=" ">
    <subfield code="a">Lurie, Salmon Yakovlevich.</subfield>
    <subfield code="q">(Solomon Luria Yakovlevich),</subfield>
    <subfield code="d">1891-1964.</subfield>
    <subfield code="9">57112</subfield>
  </datafield>
  <datafield tag="906" ind1=" " ind2=" ">
    <subfield code="a">7</subfield>
    <subfield code="b">cbc</subfield>
    <subfield code="c">origres</subfield>
    <subfield code="d">3</subfield>
    <subfield code="e">ncip</subfield>
    <subfield code="f">20</subfield>
    <subfield code="g">y-gencatlg</subfield>
  </datafield>
  <datafield tag="942" ind1=" " ind2=" ">
    <subfield code="2">ddc</subfield>
    <subfield code="c">BK</subfield>
  </datafield>
  <datafield tag="952" ind1=" " ind2=" ">
    <subfield code="0">0</subfield>
    <subfield code="1">0</subfield>
    <subfield code="2">ddc</subfield>
    <subfield code="4">0</subfield>
    <subfield code="6">146_000000000000000_5DEM_RA_23143</subfield>
    <subfield code="7">1</subfield>
    <subfield code="a">CINISELLO</subfield>
    <subfield code="b">CINISELLO</subfield>
    <subfield code="d">2018-05-11</subfield>
    <subfield code="l">0</subfield>
    <subfield code="o">146.5-DEM ra (23143</subfield>
    <subfield code="p">9788845258041</subfield>
    <subfield code="r">2018-05-11 00:00:00</subfield>
    <subfield code="w">2018-05-11</subfield>
    <subfield code="y">BK</subfield>
  </datafield>
</record>
